The holy vessels and furniture of the tabernacle. (Record no. 2526)

000 -LEADER
fixed length control field 00790nam a2200205 a 4500
001 - CONTROL NUMBER
control field :::00000251$&:&@@
003 - CONTROL NUMBER IDENTIFIER
control field OkBaRHE
005 - DATE AND TIME OF LATEST TRANSACTION
control field 20110429144315.0
008 - FIXED-LENGTH DATA ELEMENTS--GENERAL INFORMATION
fixed length control field s1969 g 000 0 eng u
020 ## - INTERNATIONAL STANDARD BOOK NUMBER
International Standard Book Number 0825437512
040 ## - CATALOGING SOURCE
Transcribing agency
100 1# - MAIN ENTRY--PERSONAL NAME
Personal name Soltau, Henry W., 1805-1875.
9 (RLIN) 490
245 14 - TITLE STATEMENT
Title The holy vessels and furniture of the tabernacle.
260 ## - PUBLICATION, DISTRIBUTION, ETC. (IMPRINT)
Place of publication, distribution, etc Grand Rapids, MI., :
Name of publisher, distributor, etc Kregel Publications
Date of publication, distribution, etc 1969
300 ## - PHYSICAL DESCRIPTION
Extent 148 p. : illus. ;
Dimensions 24 cm.
650 ## - SUBJECT ADDED ENTRY--TOPICAL TERM
Topical term or geographic name as entry element Tabernacle
9 (RLIN) 491
942 ## - ADDED ENTRY ELEMENTS (KOHA)
Source of classification or shelving scheme
Koha item type Books
Copies
Damaged status Withdrawn status Source of classification or shelving scheme Total Renewals Price effective from Date acquired Lost status Current Location Barcode Koha item type Total Checkouts Full call number Shelving location Permanent Location Date last seen Date checked out Copy number Not for loan
   42010-04-142010-04-14 RHEMA Bible Training College251Books2BM 654 .S55General StacksRHEMA Bible Training College2018-01-092011-04-211 
   32010-04-142010-04-14 RHEMA Bible Training College00020591Books1BM 654 .S55General StacksRHEMA Bible Training College2018-01-092011-12-012